LEADER 01226nam a2200301 u 4500 001 000000065160 003 CaOOAMICUS 005 20070226121433.0 008 011130s1936 fr u000 u fre u 035 $a10912210 040 $aPUL(R)$bita 041 1 $afre$hger 100 1 $aHöffding, Harald,$d1843-1931.$0(OLS)http://pul/name/37977 245 14$aLes conceptions de la vie /$cpar Harald Höffding. ; traduit de l'allemand par A. Koyré. 250 $aNouvelle éd. 260 $aParis :$bAlcan,$c1936. 300 $a170 p. ;$c23 cm 490 1 $aBibliothèque de philosophie contemporaine 504 $aBibliografia in nota. 650 4$aPersona (filosofia).$0(OLS)http://pul/subject/2012 650 4$aTeoria della conoscenza.$0(OLS)http://pul/subject/449 700 1 $aKoyré, Alexandre,$d1892-1964.$0(OLS)http://pul/name/16983 830 0$aBibliothèque de philosophie contemporaine (F. Alcan).$0(OLS)http://pul/title/10604 850 $aPUL 852 $aPUL$W1$xDP2 Filosofia 1$y62$m90 F 14$j84392$nBK-PRI$b $qStampati$B84392$CPULBib$Z2$F84392 $81 941 1 $a8 996 $6245$aLes conceptions de la vie$9(OLS)http://pul/title/86722 996 $6260$aParis :$bAlcan$9(OLS)http://pul/publisher/50788 LEADER 01126nam a2200277 u 4500 001 000000079067 003 CaOOAMICUS 005 20070226123511.0 008 040525s1997 fr u000 u fre u 020 $a2711612864 035 $a10996589 040 $aPUL$bita 100 1 $aDe Monticelli, Roberta,$d1952-$0(OLS)http://pul/name/52655 245 12$aL'ascese philosophique :$bphenomenologie et platonisme /$cRoberta De Monticelli. 260 $aParis :$bVrin,$c1997. 300 $a255 p. ;$c22 cm 490 1 $aEssais d'art et de philosophie 500 $aBibliografia in nota. 650 4$aFenomenologia.$0(OLS)http://pul/subject/1230 830 0$aEssais d'art et de philosophie.$0(OLS)http://pul/title/13172 850 $aPUL 852 $aPUL$W1$xSL Filosofia 3$y81$m142. 7 DEMRO 1$j101268$nBK-PRI$qDDC 21$B101268$CPULBib$Z2$F101268 $H92051 $82 941 1 $a9 996 $6020$a2711612864$9(OLS)http://pul/number/103751 996 $6245$aL'ascese philosophique :$bphenomenologie et platonisme$9(OLS)http://pul/title/103505 996 $6260$aParis :$bVrin$9(OLS)http://pul/publisher/50780